000 00926nam a22002775a 4500
005 20180207114949.0
008 100324r2009 ii a|||fr||| 00110 eng dd
020 _a8174090401
040 _aEG-ScBUE
_beng
_cEG-ScBUE
082 0 4 _a621.042
_bRAO
_222
100 1 _aRao, S.
_913098
245 1 0 _aEnergy technology :
_bnonconventional, renewable and conventional /
_cS. Rao & B. B. Parulekar.
250 _a3rd ed., Revised & Updated ed.
260 _aNew Delhi :
_bKhanna Publishers,
_c2009.
300 _a1144 p. :
_bill. ;
_c20 cm.
500 _aIndex : p. 1132-1144.
500 _aReprint of the 2009 ed.
504 _aBibliography : p. 1131.
590 _ayassmeen ashraf
650 0 _aPower resources
_913099
_2BUEsh
651 _2BUEsh
653 _bENGGEN
_cAugust2015
650 0 _913100
_aEnergy development
_2BUEsh
700 1 _aParulekar, B. B.
_913101
942 _cBB
_k621.042 RAO
_2ddc
999 _c10002
_d10002